000 00520nam a2200181Ia 4500
005 20250326141821.0
008 250326s9999 xx 000 0 und d
037 _aTextbook
040 _aFMSL
_beng
_cFMSL
041 _aeng
_2eng
084 _aX:8F M9
_qFMSL
100 _aSAMIUDDIN
_9745116
245 0 _aCooperation accounting and auditing
_cSamiuddin; Rahman M And Others
260 _aDelhi
_bDelhi, Himalaya Pub. House
_c1989
300 _a614p
942 _cTB
_hX:8F M9
999 _c1292121
_d1292121